Effects of teaching linear programming using ICT: a case study at Chamboli high school (Record no. 84008)

MARC details
000 -LEADER
fixed length control field 00791 a2200241 4500
003 - CONTROL NUMBER IDENTIFIER
control field CBULib
005 - DATE AND TIME OF LATEST TRANSACTION
control field 20240131071355.0
008 - FIXED-LENGTH DATA ELEMENTS--GENERAL INFORMATION
fixed length control field 240118b |||||||| |||| 00| 0 eng d
040 ## - CATALOGING SOURCE
Language of cataloging English
Transcribing agency CBULib
Description conventions rda
041 ## - LANGUAGE CODE
Language code of text/sound track or separate title eng
050 ## - LIBRARY OF CONGRESS CALL NUMBER
Classification number CBU-PG THESIS/NAN
100 ## - MAIN ENTRY--PERSONAL NAME
Personal name Nanyinza, Ndanji
9 (RLIN) 1757
245 ## - TITLE STATEMENT
Title Effects of teaching linear programming using ICT: a case study at Chamboli high school
Statement of responsibility, etc / by Ndanji Nanyinza
260 ## - PUBLICATION, DISTRIBUTION, ETC. (IMPRINT)
Name of publisher, distributor, etc Copperbelt University,
Date of publication, distribution, etc 2020
Place of publication, distribution, etc kitwe :
300 ## - PHYSICAL DESCRIPTION
Extent xi, 70 pages : illustrations
336 ## - CONTENT TYPE
Source rdacontent
Content type term Text |
Content type code txt
337 ## - MEDIA TYPE
Source rdamedia
Media type term Unmediated |
Media type code n
338 ## - CARRIER TYPE
Source rdacarrier
Carrier type term Volume
Carrier type code nc
500 ## - GENERAL NOTE
General note Includes bibliographical references and appendices
650 #0 - SUBJECT ADDED ENTRY--TOPICAL TERM
9 (RLIN) 1759
Topical term or geographic name as entry element LINEAR PROGRAMMING
650 #0 - SUBJECT ADDED ENTRY--TOPICAL TERM
9 (RLIN) 1760
Topical term or geographic name as entry element ICT
942 ## - ADDED ENTRY ELEMENTS (KOHA)
Source of classification or shelving scheme
Koha item type UNIVERSITY COLLECTION
Holdings
Withdrawn status Lost status Source of classification or shelving scheme Damaged status Not for loan Collection code Permanent Location Current Location Shelving location Date acquired Source of acquisition Total Checkouts Full call number Barcode Date last seen Copy number Price effective from Koha item type
          Special Collections CBU-MAIN LIBRARY, KITWE. CBU-MAIN LIBRARY, KITWE. Special Collections 01/18/2024 DEP-CBU   CBU-PG THESIS/NAN B84008 01/18/2024 1 01/17/2024 UNIVERSITY COLLECTION